Prowincje Vanuatu - Statystyki

Ogólne statystyki
  • Ten quiz został rozwiązany 8 razy
  • Średni wynik to 4 z 6
Odpowiedzi na mapie
Odpowiedzi zakodowano w zielono-czerwonej skali na mapie do tego quizu, zgodnie z poniższymi procentami.
 
Statystyki odpowiedzi
Lp. Powierzchnia Populacja Prowincja % Poprawnych
1. 1,5 tys. km² 37,969 Shefa
100%
6. 867 km² 8,455 Torba
83%
2. 1,2 tys. km² 31,852 Penama
67%
3. 2,8 tys. km² 38,161 Malampa
50%
5. 4,3 tys. km² 34,388 Sanma
33%
4. 1,6 tys. km² 33,301 Tafea
33%
Nie znaleziono quizów pasujących do podanych kryteriów
Rozkład punktacji
Procent ludzi z każdym wynikiem
Percentyl według liczby udzielonych odpowiedzi
Twoja historia wyników
Nie rozwiązałeś tego quizu